Satyagraha:In Gandhijis Own Words1910-35 (Record no. 225578)
[ view plain ]
| 000 -LEADER | |
|---|---|
| fixed length control field | 00643nam a22002057a 4500 |
| 005 - DATE AND TIME OF LATEST TRANSACTION | |
| control field | 20221212093049.0 |
| 008 - FIXED-LENGTH DATA ELEMENTS--GENERAL INFORMATION | |
| fixed length control field | 221212b ||||| |||| 00| 0 eng d |
| 040 ## - CATALOGING SOURCE | |
| Transcribing agency | AL |
| 041 ## - LANGUAGE CODE | |
| Language code of text/sound track or separate title | English |
| 082 ## - DEWEY DECIMAL CLASSIFICATION NUMBER | |
| Edition number | 23 |
| Classification number | 322.4 |
| Item number | ALLS |
| 100 ## - MAIN ENTRY--PERSONAL NAME | |
| Personal name | All India Congress Committee |
| 100 ## - MAIN ENTRY--PERSONAL NAME | |
| 9 (RLIN) | 65421 |
| 245 ## - TITLE STATEMENT | |
| Title | Satyagraha:In Gandhijis Own Words1910-35 |
| 260 ## - PUBLICATION, DISTRIBUTION, ETC. | |
| Place of publication, distribution, etc. | Allahabad |
| Name of publisher, distributor, etc. | All India Congress Committee |
| Date of publication, distribution, etc. | 1935 |
| 300 ## - PHYSICAL DESCRIPTION | |
| Extent | iv,99 p. |
| Other physical details | PB |
| Dimensions | 21.5x13.5 cm. |
| 440 ## - SERIES STATEMENT/ADDED ENTRY--TITLE | |
| Title | Congress Golden Jubilee Brochure No.1 |
| 9 (RLIN) | 65422 |
| 650 ## - SUBJECT ADDED ENTRY--TOPICAL TERM | |
| Topical term or geographic name entry element | Nonviolence |
| 9 (RLIN) | 65423 |
| 650 ## - SUBJECT ADDED ENTRY--TOPICAL TERM | |
| Topical term or geographic name entry element | Passive resistance |
| 9 (RLIN) | 65424 |
| 700 ## - ADDED ENTRY--PERSONAL NAME | |
| Personal name | ALL INDIA CONGRESS COMMITTEE |
| 9 (RLIN) | 65425 |
| 942 ## - ADDED ENTRY ELEMENTS (KOHA) | |
| Source of classification or shelving scheme | Dewey Decimal Classification |
| Koha item type | George Fernandes Collections |
| Withdrawn status | Lost status | Source of classification or shelving scheme | Damaged status | Not for loan | Collection code | Home library | Current library | Date acquired | Total Checkouts | Full call number | Barcode | Date last seen | Price effective from | Koha item type |
|---|---|---|---|---|---|---|---|---|---|---|---|---|---|---|
| Dewey Decimal Classification | Political Science | St Aloysius Library | St Aloysius Library | 03/23/2013 | 322.4 ALLS | GF03868 | 12/12/2022 | 12/12/2022 | George Fernandes Collections |